000 00360nam a2200133Ia 4500
008 151001s9999||||xx |||||||||||||| ||und||
100 _aवा शि आपटे
245 _aप्रश्न शिष्ठाचाराचे
250 _a1
260 _bवरदा बुक्स
260 _c1981
300 _a100
365 _b18
999 _c965406
_d965403